Statistics for Name the Video Game #2

Click here to take the quiz!

General Stats

  • This quiz has been taken 406 times
  • The average score is 6 of 15

Answer Stats

HintAnswer% Correct
Kratos, AthenaGod of War
85%
GLaDOS, ChellPortal
84%
Leonardo, RaphaelTeenage Mutant Ninja Turtles
76%
Carl 'C.J.' Johnson, Sean 'Sweet' JohnsonGrand Theft Auto: San Andreas
60%
Barry Burton, Chris RedfieldResident Evil
52%
Michelle Payne, DEA Agent Alex BalderMax Payne
48%
Louis, FrancisLeft 4 Dead
40%
Coach, EllisLeft 4 Dead 2
40%
Frank Woods, Joseph BowmanCall of Duty: Black Ops
34%
Chuck Greene, Katey GreeneDead Rising 2
21%
Sofia Lamb, Eleanor LambBioShock 2
17%
Bentley, MurraySly Cooper and the Thievius Raccoonus
15%
Ben Tennyson, Captain PlanetCartoon Network: Punch Time Explosion
8%
Boss Cass, Shazza the DingoTy the Tasmanian Tiger
5%
Parker, HendrixRed Faction
2%

Score Distribution

Percentile by Number Answered

Percent of People with Each Score

Your Score History

You have not taken this quiz